Sermón predicado en el Santo Templo Metropolitano de Nuestra Señora del Pilar por el Doctor Florencio Jardiel, con motivo de la solemne inauguración del segundo Congreso Católico Nacional el día 5 de octubre de 1890. (Record no. 156268)

MARC details
000 -LEADER
campo de control de longitud fija 00756nam a22001695i 4500
001 - NÚMERO DE CONTROL
campo de control 156268
003 - IDENTIFICADOR DE NÚMERO DE CONTROL
campo de control ES-MaACL
005 - FECHA Y HORA DE LA ÚLTIMA TRANSACCIÓN
campo de control 20250824063049.0
008 - DATOS DE LONGITUD FIJA--INFORMACIÓN GENERAL
campo de control de longitud fija 980602s1891 sp |||| | spa d
040 ## - FUENTE DE CATALOGACIÓN
Centro catalogador/agencia de origen AR
Lengua de catalogación spa
Centro/agencia transcriptor AR
100 1# - ENTRADA PRINCIPAL--NOMBRE DE PERSONA
Nombre de persona Jardiel, Florencio,
Fechas asociadas al nombre 1844-1931
9 (RLIN) 66111
245 10 - MENCIÓN DEL TÍTULO
Título Sermón predicado en el Santo Templo Metropolitano de Nuestra Señora del Pilar por el Doctor Florencio Jardiel, con motivo de la solemne inauguración del segundo Congreso Católico Nacional el día 5 de octubre de 1890.
260 ## - PUBLICACIÓN, DISTRIBUCIÓN, ETC.
Lugar de publicación, distribución, etc. Zaragoza :
Nombre del editor, distribuidor, etc. [s.n.],
Fecha de publicación, distribución, etc. 1891 (
Fabricante Tip. de Mariano Salas)
300 ## - DESCRIPCIÓN FÍSICA
Extensión 15 p. ;
Dimensiones 25 cm.
852 ## - LOCALIZACIÓN
Ubicación ES-MaACL
Número de control de estantería T-545-F-7
Nota libre -- Enc. hol., conservando la enc. editorial
-- -- Enc. en un vol. facticio
Holdings
Estatus retirado Estado de pérdida Estado de daño No para préstamo Colección Biblioteca de origen Biblioteca actual Ubicación en estantería Fecha de adquisición Total de préstamos Signatura topográfica completa Código de barras Visto por última vez Precio de reemplazo Tipo de ítem Koha
        Colección de folletos Biblioteca del Ateneo de Madrid Biblioteca del Ateneo de Madrid Depósito folletos 17/01/2008   T-545-F-7 1163488 23/02/2023 23/02/2023 Folleto